000 00267 a2200121 4500
001 60233
082 _a297.122 TAH
090 _c36973
_d36973
100 _aTahirul Qadri
245 _aIrfan ul Quran
_hUrdu
260 _aLahore
_bMinhaj ul Quran
_c2006
300 _a1013
942 _aCAE NUST
_k81646
999 _c295306
_d295306